000 00410pab a2200169 454500
008 180718b2007 xxu||||| |||| 00| 0 eng d
100 _aNarrain, Arvind
245 _aRethinking citizenship: a queer journey
260 _c2007
300 _ap.61-71.
362 _aJan-Apr
650 _aCitizenship
650 _aNationality
773 _aIndian Journal of Gender Studies
908 _aN
909 _a74753
999 _c74753
_d74753